| 000 | 00517nam a2200181Ia 4500 | ||
|---|---|---|---|
| 003 | GCL | ||
| 008 | 140319s9999 xx 000 0 ara d | ||
| 040 |
_aGCL / _cGCL |
||
| 082 | 0 | 4 |
_a328.3 _bل ا |
| 245 | 1 | 0 | _aاربعة ايام من يوليو |
| 300 | _a495 ص | ||
| 490 |
_aالالف كتاب _v0 |
||
| 650 | 0 | 4 | _aالولايات المتحدة الامريكية |
| 650 | 0 | 4 | _aالهيئات التشريعية |
| 650 | 0 | 4 | _aالممارسة البرلمانية |
| 650 | 0 | 4 | _aجلسات |
| 942 |
_2ddc _cBK |
||
| 999 |
_c42989 _d42989 |
||